[Event "Cali Masificacion op U2050"]
[Site "Cali"]
[Date "2021.12.27"]
[Round "3"]
[White "Ospina Betancur, Santiago"]
[Black "Agudelo, Pedro Luis"]
[Result "1-0"]
[WhiteElo "1586"]
[BlackElo "1970"]
[PlyCount "99"]
[EventDate "2021.12.26"]
[EventType "swiss"]
[EventRounds "7"]
[EventCountry "COL"]
[SourceTitle "CBM 205 Extra"]
[Source "ChessBase"]
[SourceDate "2022.01.31"]
[SourceVersion "1"]
[SourceVersionDate "2022.01.31"]
[SourceQuality "1"]

1. e4 e5 2. f4 d5 3. exd5 exf4 4. Bc4 Nf6 5. Nc3 Bd6 6. Qe2+ Qe7 7. Qxe7+ Kxe7 8. Nf3 Re8 9. 0-0 Kf8 10. d4 Ng4 11. Nb5 Ne3 12. Bxe3 fxe3 13. Nxd6 cxd6 14. Ng5 f6 15. Ne6+ Bxe6 16. dxe6 Nc6 17. d5 Ne5 18. Bb3 Rec8 19. Rae1 Nc4 20. Rf4 Nxb2 21. Kf1 b5 22. Rb1 Na4 23. Bxa4 bxa4 24. Rc1 Rc5 25. c4 Rac8 26. Rd4 Rb8 27. Rc2 a3 28. Ke2 Rb2 29. Kd3 Ke7 30. Re2 f5 31. Kxe3 g5 32. Kd3 Rb1 33. g3 Rc7 34. Kc3 Kf6 35. Rc2 h5 36. Rd3 Re1 37. Kd2 Rh1 38. Ke3 Re1+ 39. Kf2 Re4 40. c5 Ke7 41. c6 Ra4 42. Rcc3 Rb4 43. Rb3 a5 44. Rxb4 axb4 45. Rb3 Kf6 46. Rxb4 Ke5 47. Rb7 Rc8 48. e7 Kf6 49. Rd7 Re8 50. c7 1-0

[Event "COL-ch sf 2nd"]
[Site "Tunja"]
[Date "2018.04.22"]
[Round "10"]
[White "Agudelo, Pedro Luis"]
[Black "Corredor Castellanos, Camilo"]
[Result "1-0"]
[WhiteElo "1900"]
[BlackElo "2021"]
[PlyCount "121"]
[EventDate "2018.04.17"]
[EventType "swiss"]
[EventRounds "10"]
[EventCountry "COL"]
[SourceTitle "CBM 184 Extra"]
[Source "ChessBase"]
[SourceDate "2018.06.28"]
[SourceVersion "1"]
[SourceVersionDate "2018.06.28"]
[SourceQuality "1"]

1. e4 c5 2. Nf3 Nc6 3. d4 cxd4 4. Nxd4 Nf6 5. Nc3 e5 6. Ndb5 d6 7. Bg5 a6 8. Na3 b5 9. Nd5 Be7 10. Bxf6 Bxf6 11. c3 Bg5 12. Nc2 Ne7 13. h4 Bh6 14. a4 0-0 15. axb5 Nxd5 16. exd5 a5 17. Nb4 f5 18. Nc6 Qb6 19. b4 f4 20. Bd3 f3 21. g3 e4 22. bxa5 Qc5 23. Bxe4 Qxc3+ 24. Kf1 Bg4 25. Qd4 Qxd4 26. Nxd4 Bd2 27. a6 Bc3 28. Ra4 Bxd4 29. Rxd4 Bd7 30. Bd3 Rfb8 31. Rb4 Rxa6 32. bxa6 Rxb4 33. Ke1 Rb2 34. h5 Ra2 35. Rh4 Bc8 36. Rf4 Bxa6 37. Bxa6 Rxa6 38. Rxf3 Ra5 39. Rf5 g6 40. hxg6 hxg6 41. Rf6 Rxd5 42. Rxg6+ Kf7 43. Rh6 Kg7 44. Rh4 Kg6 45. Rf4 Kg5 46. Ke2 Kg6 47. Kf3 Kg5 48. Kg2 Rd1 49. Rf8 d5 50. Kf3 Rd3+ 51. Ke2 Rd4 52. Ke3 Rd1 53. Rf4 Re1+ 54. Kd2 Ra1 55. Ke3 Ra3+ 56. Kd4 Ra4+ 57. Ke5 Ra5 58. Rd4 Ra2 59. f4+ Kg6 60. f5+ Kf7 61. Rxd5 1-0

[Event "COL-ch sf 2nd"]
[Site "Tunja"]
[Date "2018.04.21"]
[Round "8"]
[White "Agudelo, Pedro Luis"]
[Black "Varela, Maria de los Angele"]
[Result "1-0"]
[WhiteElo "1900"]
[BlackElo "1796"]
[PlyCount "69"]
[EventDate "2018.04.17"]
[EventType "swiss"]
[EventRounds "10"]
[EventCountry "COL"]
[SourceTitle "CBM 184 Extra"]
[Source "ChessBase"]
[SourceDate "2018.06.28"]
[SourceVersion "1"]
[SourceVersionDate "2018.06.28"]
[SourceQuality "1"]

1. e4 c5 2. Nf3 e6 3. d4 cxd4 4. Nxd4 a6 5. c4 Nf6 6. Bd3 Qb6 7. Nf3 d6 8. Nc3 Nbd7 9. 0-0 Be7 10. Qe2 Qc7 11. Bf4 Nh5 12. Be3 b6 13. Rac1 Bb7 14. Bb1 Nhf6 15. Rfd1 Rc8 16. b3 0-0 17. Nd4 Nc5 18. Bd2 Qb8 19. f4 Qa8 20. Re1 Rfd8 21. f5 d5 22. cxd5 exd5 23. e5 Nfe4 24. f6 Bf8 25. fxg7 Kxg7 26. Nf5+ Kh8 27. Nxe4 dxe4 28. Bg5 Rc6 29. b4 f6 30. Bxf6+ Rxf6 31. exf6 Nd3 32. Bxd3 exd3 33. Qe5 Rd5 34. Qc3 Kg8 35. Ne7+ 1-0

[Event "COL-ch sf 2nd"]
[Site "Tunja"]
[Date "2018.04.18"]
[Round "3"]
[White "Nunez V, Gustavo Eduardo"]
[Black "Agudelo, Pedro Luis"]
[Result "0-1"]
[WhiteElo "2226"]
[BlackElo "1900"]
[PlyCount "76"]
[EventDate "2018.04.17"]
[EventType "swiss"]
[EventRounds "10"]
[EventCountry "COL"]
[SourceTitle "CBM 184 Extra"]
[Source "ChessBase"]
[SourceDate "2018.06.28"]
[SourceVersion "1"]
[SourceVersionDate "2018.06.28"]
[SourceQuality "1"]

1. e4 e5 2. Nf3 Nc6 3. Bb5 Bc5 4. c3 Nf6 5. d4 exd4 6. e5 Nd5 7. cxd4 Bb4+ 8. Nbd2 0-0 9. a3 Be7 10. Bc4 Nf4 11. 0-0 d5 12. Bb5 Bf5 13. Nb3 Ne6 14. Be3 Nb8 15. Rc1 c6 16. Be2 Qb6 17. Nfd2 a5 18. g4 Bg6 19. f4 Be4 20. f5 Bg5 21. Bxg5 Nxg5 22. h4 a4 23. hxg5 axb3 24. Nxb3 Nd7 25. Rf2 Rac8 26. Bd3 c5 27. Bxe4 dxe4 28. Nxc5 Nxc5 29. dxc5 Rxc5 30. Rxc5 Qxc5 31. Qd6 Qc1+ 32. Kh2 Qxg5 33. e6 Qh4+ 34. Kg2 Qxg4+ 35. Qg3 Qxg3+ 36. Kxg3 fxe6 37. fxe6 Rxf2 38. Kxf2 Kf8 0-1

[Event "COL-ch U20"]
[Site "Buenaventura"]
[Date "2018.03.01"]
[Round "3"]
[White "Agudelo, Pedro Luis"]
[Black "Blandon, Luis Guillermo"]
[Result "0-1"]
[WhiteElo "1902"]
[BlackElo "2246"]
[PlyCount "38"]
[EventDate "2018.02.28"]
[EventType "swiss"]
[EventRounds "6"]
[EventCountry "COL"]
[SourceTitle "EXT 2019"]
[Source "ChessBase"]
[SourceDate "2018.10.10"]
[SourceVersion "1"]
[SourceVersionDate "2018.10.10"]
[SourceQuality "1"]

1. e4 g6 2. d4 Bg7 3. Nc3 a6 4. g3 d6 5. Bg2 Nd7 6. Nge2 c5 7. Be3 cxd4 8. Bxd4 Ngf6 9. 0-0 0-0 10. Nd5 Nxd5 11. Bxg7 Ne3 12. Qd3 Nxf1 13. Bxf8 Nxg3 14. hxg3 Qxf8 15. Nf4 Ne5 16. Qb3 b5 17. Nd3 Be6 18. Qb4 Nc6 19. Qd2 Rc8 0-1

[Event "COL-ch U20"]
[Site "Buenaventura"]
[Date "2018.02.28"]
[Round "1"]
[White "Angulo Mosquera, Blainer"]
[Black "Agudelo, Pedro Luis"]
[Result "0-1"]
[WhiteElo "1501"]
[BlackElo "1902"]
[PlyCount "22"]
[EventDate "2018.02.28"]
[EventType "swiss"]
[EventRounds "6"]
[EventCountry "COL"]
[SourceTitle "EXT 2019"]
[Source "ChessBase"]
[SourceDate "2018.10.10"]
[SourceVersion "1"]
[SourceVersionDate "2018.10.10"]
[SourceQuality "1"]

1. e4 e5 2. Nf3 Nc6 3. Bb5 Bc5 4. 0-0 d6 5. d3 h6 6. Nc3 Nf6 7. Bd2 Bg4 8. Nd5 0-0 9. Ne3 Bxf3 10. Qxf3 Nd4 11. Qg3 Ne2+ 0-1

[Event "COL-chT"]
[Site "Ibague"]
[Date "2017.07.21"]
[Round "5.4"]
[White "Boyaca, Gerany"]
[Black "Agudelo, Pedro Luis"]
[Result "0-1"]
[WhiteElo "1670"]
[BlackElo "1870"]
[PlyCount "108"]
[EventDate "2017.07.19"]
[EventType "team-swiss"]
[EventRounds "6"]
[EventCountry "COL"]
[SourceTitle "CBM 179 Extra"]
[Source "ChessBase"]
[SourceDate "2017.08.23"]
[SourceVersion "1"]
[SourceVersionDate "2017.08.23"]
[SourceQuality "1"]
[WhiteTeam "Fuerzas Armadas II"]
[BlackTeam "Cauca"]
[WhiteTeamCountry "COL"]
[BlackTeamCountry "COL"]

1. d4 Nf6 2. Nf3 d5 3. Bf4 e6 4. e3 Bd6 5. Bg5 Nbd7 6. Bd3 0-0 7. c4 c6 8. 0-0 e5 9. dxe5 Nxe5 10. Nxe5 Bxe5 11. Nc3 h6 12. Bh4 Qd6 13. Bg3 dxc4 14. Bxe5 Qxd3 15. Bxf6 Qxd1 16. Raxd1 gxf6 17. Rd4 Bf5 18. e4 Be6 19. Rfd1 b5 20. a3 a5 21. Rd6 Rfc8 22. f4 b4 23. Na4 c3 24. bxc3 Bb3 25. Nb6 Bxd1 26. Nxa8 bxc3 27. Rxd1 Rxa8 28. Rc1 Re8 29. Rxc3 Rxe4 30. g3 Kg7 31. Kf2 Rd4 32. Ke3 Rd1 33. Rxc6 Rb1 34. Rc3 Kg6 35. h4 h5 36. Ke4 Re1+ 37. Kd4 Rd1+ 38. Kc5 Rb1 39. Kd6 Kf5 40. Ke7 Rb7+ 41. Kf8 Kg4 42. Kg7 f5 43. Kf6 a4 44. Rc4 Rb6+ 45. Kxf7 Kxg3 46. Rxa4 Kxh4 47. Ra8 Kg4 48. a4 h4 49. a5 Rb5 50. a6 Ra5 51. a7 h3 52. Kg6 Ra6+ 53. Kf7 Kxf4 54. Rh8 Rxa7+ 0-1

[Event "COL-chT"]
[Site "Ibague"]
[Date "2017.07.19"]
[Round "2.4"]
[White "Agudelo, Pedro Luis"]
[Black "Salazar, Andres Felipe"]
[Result "1/2-1/2"]
[WhiteElo "1870"]
[BlackElo "1977"]
[PlyCount "42"]
[EventDate "2017.07.19"]
[EventType "team-swiss"]
[EventRounds "6"]
[EventCountry "COL"]
[SourceTitle "CBM 179 Extra"]
[Source "ChessBase"]
[SourceDate "2017.08.23"]
[SourceVersion "1"]
[SourceVersionDate "2017.08.23"]
[SourceQuality "1"]
[WhiteTeam "Cauca"]
[BlackTeam "Caldas"]
[WhiteTeamCountry "COL"]
[BlackTeamCountry "COL"]

1. e4 d6 2. d4 Nf6 3. Nc3 g6 4. Nf3 Bg7 5. Be2 c6 6. Bf4 Nbd7 7. Qd2 Qa5 8. 0-0 e5 9. Nb5 Qxd2 10. Nxd6+ Ke7 11. Nxc8+ Rhxc8 12. Bxd2 Nxe4 13. Bb4+ c5 14. dxc5 Nexc5 15. Rad1 Ke8 16. Bb5 a6 17. Bxd7+ Nxd7 18. c3 f6 19. Nd2 Bf8 20. Bxf8 Nxf8 21. Ne4 Ke7 1/2-1/2

[Event "COL-ch sf2 U18 m"]
[Site "Bogota"]
[Date "2016.05.20"]
[Round "3.3"]
[White "Agudelo, Pedro Luis"]
[Black "Ducuara Alape, Eduardo"]
[Result "1-0"]
[WhiteElo "1900"]
[BlackElo "1624"]
[PlyCount "47"]
[EventDate "2016.05.19"]
[EventType "swiss"]
[EventRounds "6"]
[EventCountry "COL"]
[SourceTitle "EXT 2024"]
[Source "ChessBase"]
[SourceDate "2023.10.10"]
[SourceVersion "1"]
[SourceVersionDate "2023.10.10"]
[SourceQuality "1"]

1. e4 e6 2. d4 d5 3. exd5 exd5 4. Bd3 Bd6 5. Nf3 Bg4 6. 0-0 Nc6 7. c3 Nge7 8. Bg5 f6 9. Bh4 Qd7 10. Nbd2 0-0-0 11. b4 g5 12. Bg3 Bxg3 13. fxg3 h5 14. Nb3 h4 15. Nc5 Qd6 16. Qa4 Rdf8 17. b5 Nb8 18. Qxa7 Qb6 19. Qxb6 cxb6 20. Na4 Nd7 21. h3 hxg3 22. hxg4 Rh6 23. Rfe1 Rfh8 24. Kf1 1-0

[Event "COL-ch sf2 U18 m"]
[Site "Bogota"]
[Date "2016.05.20"]
[Round "2.3"]
[White "Ribero, Guillermo Andres"]
[Black "Agudelo, Pedro Luis"]
[Result "1-0"]
[WhiteElo "1837"]
[BlackElo "1900"]
[PlyCount "51"]
[EventDate "2016.05.19"]
[EventType "swiss"]
[EventRounds "6"]
[EventCountry "COL"]
[SourceTitle "EXT 2024"]
[Source "ChessBase"]
[SourceDate "2023.10.10"]
[SourceVersion "1"]
[SourceVersionDate "2023.10.10"]
[SourceQuality "1"]

1. e4 e5 2. Nf3 Nf6 3. Nxe5 d6 4. Nf3 Nxe4 5. d4 d5 6. Bd3 Bd6 7. Nbd2 0-0 8. 0-0 f5 9. c4 c6 10. Ne5 Bxe5 11. dxe5 Nd7 12. cxd5 cxd5 13. Qb3 Ndc5 14. Qa3 Qc7 15. Nf3 b6 16. b4 Nxd3 17. Qxd3 Bb7 18. Bb2 Rac8 19. Rac1 Qd7 20. Nd4 g6 21. f3 Ng5 22. e6 Qe7 23. h4 Nxe6 24. Nxe6 Qxe6 25. Qd4 Qe7 26. Rce1 1-0

[Event "Bogota Superate Intercol Adv B"]
[Site "Bogota"]
[Date "2014.10.28"]
[Round "4.2"]
[White "Agudelo, Pedro Luis"]
[Black "Diaz Herrera, Leider Andres"]
[Result "1/2-1/2"]
[WhiteElo "1858"]
[BlackElo "1969"]
[PlyCount "117"]
[EventDate "2014.10.28"]
[EventType "swiss (blitz)"]
[EventRounds "8"]
[EventCountry "COL"]
[SourceTitle "EXT 2024"]
[Source "ChessBase"]
[SourceDate "2023.10.10"]
[SourceVersion "1"]
[SourceVersionDate "2023.10.10"]
[SourceQuality "1"]

1. e4 c5 2. Nf3 e6 3. d4 cxd4 4. Nxd4 a6 5. Nc3 Qc7 6. Bd3 Nf6 7. 0-0 h5 8. Re1 Ng4 9. g3 Qb6 10. Be2 Nc6 11. Bxg4 Qxd4 12. Qxd4 Nxd4 13. Bd1 b5 14. Be3 Nc6 15. Ne2 h4 16. Nd4 hxg3 17. fxg3 Bb7 18. Nxc6 Bxc6 19. Bf2 Be7 20. Bf3 Bf6 21. c3 0-0 22. Bg2 Rfd8 23. Rad1 Rab8 24. Bc5 b4 25. Bd6 Rb5 26. e5 Bg5 27. Bxc6 dxc6 28. cxb4 a5 29. h4 Bh6 30. a3 Rd7 31. Bc5 Rd2 32. Rxd2 Bxd2 33. Rd1 axb4 34. Rxd2 Rxc5 35. axb4 Rxe5 36. Rc2 Rb5 37. Rc4 Kf8 38. Kf2 Ke7 39. Ke3 Kd6 40. Kd3 Rd5+ 41. Kc3 Rf5 42. Rd4+ Kc7 43. Rd3 Re5 44. Rf3 f6 45. Kc4 Re4+ 46. Kb3 Kb6 47. Kc3 Kb5 48. Rf4 Re3+ 49. Kc2 Rxg3 50. Rd4 Rg2+ 51. Kb3 Rg3+ 52. Kc2 g5 53. hxg5 fxg5 54. Re4 Rg2+ 55. Kb3 Rf2 56. Rxe6 Rf3+ 57. Kc2 Kxb4 58. Rg6 Rf5 59. Rxc6 1/2-1/2

[Event "Bogota Superate Intercol Adv B"]
[Site "Bogota"]
[Date "2014.10.28"]
[Round "6.4"]
[White "Agudelo, Pedro Luis"]
[Black "Ricciulli Vargas, Roberth Eliece"]
[Result "0-1"]
[WhiteElo "1858"]
[BlackElo "1748"]
[PlyCount "48"]
[EventDate "2014.10.28"]
[EventType "swiss (blitz)"]
[EventRounds "8"]
[EventCountry "COL"]
[SourceTitle "EXT 2024"]
[Source "ChessBase"]
[SourceDate "2023.10.10"]
[SourceVersion "1"]
[SourceVersionDate "2023.10.10"]
[SourceQuality "1"]

1. e4 e5 2. Nf3 Nc6 3. Bc4 Nf6 4. Ng5 d5 5. exd5 b5 6. Bxb5 Qxd5 7. Bxc6+ Qxc6 8. Qf3 e4 9. Qc3 Qd5 10. d3 exd3 11. Qxd3 Qxg2 12. Qf1 Qc6 13. Qe2+ Be7 14. Rg1 h6 15. Qf3 Qxc2 16. Qxa8 0-0 17. Nd2 hxg5 18. Qf3 Bb4 19. Qb3 Re8+ 20. Kf1 Bh3+ 21. Qxh3 Bxd2 22. Bxd2 Qxd2 23. Kg2 g4 24. Qc3 Qd5+ 0-1

[Event "Bogota Superate Intercol Adv-B"]
[Site "Bogota"]
[Date "2014.10.26"]
[Round "3.2"]
[White "Agudelo, Pedro Luis"]
[Black "Castro, Jairo Antonio"]
[Result "0-1"]
[WhiteElo "1770"]
[BlackElo "1912"]
[PlyCount "88"]
[EventDate "2014.10.25"]
[EventType "swiss (rapid)"]
[EventRounds "6"]
[EventCountry "COL"]
[SourceTitle "EXT 2024"]
[Source "ChessBase"]
[SourceDate "2023.10.10"]
[SourceVersion "1"]
[SourceVersionDate "2023.10.10"]
[SourceQuality "1"]

1. e4 e6 2. d4 d5 3. exd5 exd5 4. Nf3 Bd6 5. Bd3 Ne7 6. 0-0 0-0 7. Bg5 f6 8. Bh4 Bf5 9. Re1 Bg6 10. Bg3 Nf5 11. c3 Bxg3 12. hxg3 Nd7 13. Qb3 Nb6 14. Qc2 Qd7 15. Nbd2 Rae8 16. b3 Nc8 17. Nh4 Nxh4 18. gxh4 Bxd3 19. Qxd3 Qg4 20. Qf3 Qxf3 21. Nxf3 Nd6 22. Nd2 Kf7 23. g4 c6 24. f3 Nb5 25. Rxe8 Rxe8 26. Rc1 Re3 27. c4 Nxd4 28. Rf1 Re2 29. Nb1 Rxa2 30. cxd5 cxd5 31. Nc3 Ne2+ 32. Nxe2 Rxe2 33. Rc1 Re7 34. Rd1 Ke6 35. b4 Kd6 36. Kf2 Kc6 37. b5+ Kc5 38. f4 d4 39. g5 Kc4 40. Kf3 d3 41. f5 Kc3 42. h5 d2 43. gxf6 gxf6 44. Ra1 Kb2 0-1

[Event "Central America & Caribbean U16"]
[Site "Palmira"]
[Date "2014.10.07"]
[Round "8.9"]
[White "Bueno, Mark"]
[Black "Agudelo, Pedro Luis"]
[Result "1/2-1/2"]
[WhiteElo "1836"]
[BlackElo "1827"]
[PlyCount "58"]
[EventDate "2014.10.04"]
[EventType "swiss"]
[EventRounds "9"]
[EventCountry "COL"]
[SourceTitle "EXT 2024"]
[Source "ChessBase"]
[SourceDate "2023.10.10"]
[SourceVersion "1"]
[SourceVersionDate "2023.10.10"]
[SourceQuality "1"]

1. e4 e5 2. Nf3 Nc6 3. Bb5 a6 4. Ba4 Nf6 5. d3 b5 6. Bb3 Be7 7. 0-0 0-0 8. c3 d6 9. Re1 Na5 10. Bc2 c5 11. Nbd2 Qc7 12. Nf1 Rd8 13. Qe2 h6 14. Ng3 Nh7 15. Bd2 Nc6 16. Rad1 Be6 17. b3 Rac8 18. Bc1 Qa5 19. d4 Bg4 20. d5 Nb8 21. h3 Bd7 22. Nf5 Bxf5 23. exf5 Qxc3 24. f6 Bxf6 25. Qe4 Nf8 26. Bd2 Qb2 27. Bc1 Qc3 28. Bd2 Qb2 29. Bc1 Qc3 1/2-1/2

[Event "COL-ch U16"]
[Site "Bogota"]
[Date "2014.05.30"]
[Round "2"]
[White "Zapata Arbelaes, Estiven"]
[Black "Agudelo, Pedro Luis"]
[Result "1/2-1/2"]
[WhiteElo "2147"]
[BlackElo "1805"]
[PlyCount "69"]
[EventDate "2014.05.29"]
[EventType "swiss"]
[EventRounds "7"]
[EventCountry "COL"]
[SourceTitle "CBM 160 Extra"]
[Source "ChessBase"]
[SourceDate "2014.07.01"]
[SourceVersion "1"]
[SourceVersionDate "2014.07.01"]
[SourceQuality "1"]

1. d4 Nf6 2. c4 g6 3. Nc3 d5 4. cxd5 Nxd5 5. e4 Nxc3 6. bxc3 Bg7 7. Be3 c5 8. Nf3 0-0 9. Qd2 Qa5 10. Rc1 Nc6 11. d5 Rd8 12. Bd3 Ne5 13. Nxe5 Bxe5 14. 0-0 e6 15. Bg5 f6 16. Bf4 exd5 17. Bxe5 fxe5 18. exd5 Kg7 19. Qg5 Qc7 20. Rce1 Re8 21. c4 Bd7 22. f4 exf4 23. Re7+ Rxe7 24. Qxe7+ Kg8 25. d6 Qd8 26. Qe5 Qe8 27. Qxf4 Qe6 28. h4 Re8 29. Kh1 Bc6 30. Kg1 Qe3+ 31. Qxe3 Rxe3 32. Rd1 Kf7 33. d7 Bxd7 34. Bxg6+ Kxg6 35. Rxd7 1/2-1/2

[Event "COL-ch U16"]
[Site "Bogota"]
[Date "2014.05.29"]
[Round "1"]
[White "Agudelo, Pedro Luis"]
[Black "Echavarria Ramirez, Juan Diego"]
[Result "1/2-1/2"]
[WhiteElo "1805"]
[BlackElo "1954"]
[PlyCount "99"]
[EventDate "2014.05.29"]
[EventType "swiss"]
[EventRounds "7"]
[EventCountry "COL"]
[SourceTitle "CBM 160 Extra"]
[Source "ChessBase"]
[SourceDate "2014.07.01"]
[SourceVersion "1"]
[SourceVersionDate "2014.07.01"]
[SourceQuality "1"]

1. e4 e5 2. Nf3 Nc6 3. d4 exd4 4. Nxd4 Nf6 5. Nc3 Bb4 6. Bg5 h6 7. Nxc6 bxc6 8. Bxf6 Qxf6 9. Qd3 Rb8 10. Be2 0-0 11. 0-0 Re8 12. Rad1 Bxc3 13. bxc3 Rb2 14. a4 Qe6 15. Bf3 d6 16. h3 Qg6 17. Kh2 f5 18. Rfe1 Kh7 19. Re2 Re5 20. Rde1 f4 21. g3 Qf7 22. Bg2 g5 23. Ra1 Be6 24. Rd2 g4 25. Bf1 h5 26. h4 Rc5 27. Qd4 a5 28. Bd3 Re5 29. c4 Rb4 30. c3 Rb3 31. Bc2 c5 32. Qxe5 dxe5 33. Bxb3 fxg3+ 34. fxg3 Qf3 35. Rc1 Kg7 36. Rcc2 Qxe4 37. Re2 Qb7 38. Ba2 e4 39. Rcd2 Qc6 40. Bb3 Kf6 41. Bc2 Bxc4 42. Rxe4 Bd5 43. Rf4+ Kg7 44. Rf5 Bf3 45. Rg5+ Kf7 46. Bg6+ Kf6 47. Bc2 Qe8 48. Rf5+ Kg7 49. Rg5+ Kf6 50. Rf5+ 1/2-1/2

[Event "Bogota McGregor op 4th"]
[Site "Bogota"]
[Date "2013.12.06"]
[Round "5"]
[White "Bobadilla Viera, Jorge Samuel"]
[Black "Agudelo, Pedro Luis"]
[Result "1-0"]
[WhiteElo "2040"]
[BlackElo "1783"]
[PlyCount "79"]
[EventDate "2013.12.04"]
[EventType "swiss"]
[EventRounds "9"]
[EventCountry "COL"]
[SourceTitle "CBM 157 Extra"]
[Source "ChessBase"]
[SourceDate "2013.12.19"]
[SourceVersion "1"]
[SourceVersionDate "2013.12.19"]
[SourceQuality "1"]

1. e4 e5 2. Nf3 Nf6 3. Nxe5 d6 4. Nf3 Nxe4 5. Nc3 Nf6 6. d4 d5 7. h3 Bd6 8. Bd3 0-0 9. 0-0 c6 10. Re1 Nbd7 11. Ne5 Re8 12. f4 c5 13. Nb5 Bb8 14. c3 Qb6 15. dxc5 Qxc5+ 16. Be3 Qf8 17. Bd4 a6 18. Na3 Nc5 19. Bc2 Ne6 20. Be3 Rd8 21. Qf3 b5 22. Rad1 Bb7 23. Nb1 Qe7 24. Bd4 Ne4 25. Nd2 Nxd4 26. cxd4 Ba7 27. Nxe4 dxe4 28. Bxe4 Rxd4 29. Rxd4 Bxd4+ 30. Kf1 Rb8 31. Bxb7 Qxb7 32. Nc6 Ba7 33. Nxb8 Qxb8 34. Qe4 g6 35. Qe8+ Qxe8 36. Rxe8+ Kg7 37. Ra8 Bd4 38. b3 Be3 39. Rxa6 Bxf4 40. Rb6 1-0

[Event "Pan American-ch U16 24th"]
[Site "Pocos de Caldas"]
[Date "2013.07.30"]
[Round "7.15"]
[White "Agudelo, Pedro Luis"]
[Black "Saavedra Guajardo, Sledge Hamme"]
[Result "1-0"]
[WhiteElo "1774"]
[BlackElo "1700"]
[PlyCount "43"]
[EventDate "2013.07.25"]
[EventType "swiss"]
[EventRounds "9"]
[EventCountry "BRA"]
[SourceTitle "EXT 2016"]
[Source "ChessBase"]
[SourceDate "2015.10.08"]
[SourceVersion "1"]
[SourceVersionDate "2015.10.08"]
[SourceQuality "1"]

1. e4 e5 2. Nf3 Nc6 3. Bc4 Nf6 4. Ng5 d5 5. exd5 Na5 6. Bb5+ c6 7. dxc6 bxc6 8. Qf3 Rb8 9. Ba4 Be7 10. Nc3 0-0 11. 0-0 Bb7 12. d3 c5 13. Nge4 Nd7 14. Bxd7 Qxd7 15. Qg3 f6 16. f4 exf4 17. Bxf4 Rbc8 18. Rae1 Nc6 19. Nd6 Rcd8 20. Nce4 Bxd6 21. Bxd6 Rfe8 22. Nxf6+ 1-0

[Event "Cali Region-ch U16"]
[Site "Cali"]
[Date "2013.04.12"]
[Round "3.5"]
[White "Agudelo, Pedro Luis"]
[Black "Becerra, Manuel Santiago"]
[Result "1-0"]
[WhiteElo "1769"]
[BlackElo "1652"]
[PlyCount "111"]
[EventDate "2013.04.12"]
[EventType "swiss"]
[EventRounds "6"]
[EventCountry "COL"]
[SourceTitle "EXT 2024"]
[Source "ChessBase"]
[SourceDate "2023.10.10"]
[SourceVersion "1"]
[SourceVersionDate "2023.10.10"]
[SourceQuality "1"]

1. e4 e6 2. d4 d5 3. exd5 exd5 4. Nf3 Nc6 5. Nc3 Bb4 6. Bb5 Nge7 7. Bf4 0-0 8. 0-0 Bg4 9. Be2 f6 10. h3 Bh5 11. Nb5 Ba5 12. c3 Bg6 13. a4 a6 14. Na3 Nf5 15. Qb3 Bb6 16. Nc2 Na5 17. Qa2 Nd6 18. Ne3 Bf7 19. b4 Nc6 20. Nxd5 Kh8 21. Bxd6 Qxd6 22. Bc4 Ba7 23. Ne3 Bh5 24. g4 Bg6 25. Nh4 Ne7 26. Nxg6+ Nxg6 27. Ng2 Bb8 28. f4 c6 29. Qd2 Bc7 30. Bd3 Ne7 31. Ne3 Rae8 32. Rae1 Nc8 33. Nf5 Qd7 34. Ne3 Qd6 35. Qc2 g5 36. Nc4 Qd7 37. Bf5 Qf7 38. Bxc8 Rxc8 39. Ne3 Bxf4 40. Nf5 Rce8 41. Rxe8 Rxe8 42. Qd3 Qe6 43. Qf3 Qc4 44. Nd6 Qe2 45. Qxe2 Rxe2 46. Nxb7 Bd2 47. Rf3 Bf4 48. Nc5 h5 49. gxh5 f5 50. h4 Bh2+ 51. Kf1 Rc2 52. hxg5 f4 53. Nxa6 Bg3 54. Nb8 Rc1+ 55. Kg2 Rc2+ 56. Kh3 1-0